[Event "RSA-ch U14 Girls"]
[Site "Gauteng"]
[Date "2017.04.07"]
[Round "5"]
[White "Qangule, Lithitha Qhayiya"]
[Black "Van Jaarsveld, Anje"]
[Result "1-0"]
[WhiteElo "1117"]
[BlackElo "780"]
[PlyCount "51"]
[EventDate "2017.04.05"]
[EventType "swiss"]
[EventRounds "11"]
[EventCountry "RSA"]
[SourceTitle "CBM 177 Extra"]
[Source "ChessBase"]
[SourceDate "2017.04.27"]
[SourceVersion "1"]
[SourceVersionDate "2017.04.27"]
[SourceQuality "1"]

1. e4 e6 2. d4 d5 3. Nd2 c5 4. c3 Nc6 5. exd5 exd5 6. Ne2 Bd6 7. Nf3 h6 8. Ng3 Nge7 9. Bd3 Bg4 10. Be2 0-0 11. h3 Bxf3 12. Bxf3 Qc7 13. Ne2 Nf5 14. Bxd5 Rfe8 15. 0-0 Nh4 16. Be3 Rad8 17. Bb3 Re4 18. Qd3 Qe7 19. Rae1 Bc7 20. Ng3 Bxg3 21. fxg3 cxd4 22. cxd4 Ng6 23. Bxf7+ Kh7 24. Bxh6 Rxe1 25. Qxg6+ Kh8 26. Qxg7# 1-0

[Event "RSA-ch U12 Girls"]
[Site "Waterkloof"]
[Date "2015.04.06"]
[Round "4"]
[White "Qangule, Lithitha Qhayiya"]
[Black "Grove, Monique"]
[Result "1-0"]
[WhiteElo "1043"]
[BlackElo "652"]
[PlyCount "46"]
[EventDate "2015.04.04"]
[EventType "swiss"]
[EventRounds "9"]
[EventCountry "RSA"]
[SourceTitle "CBM 166 Extra"]
[Source "ChessBase"]
[SourceDate "2015.06.18"]
[SourceVersion "1"]
[SourceVersionDate "2015.06.18"]
[SourceQuality "1"]

1. e4 e5 2. Nf3 Nc6 3. d4 exd4 4. Bc4 d3 5. cxd3 d5 6. exd5 Na5 7. Bb5+ c6 8. dxc6 bxc6 9. Ba4 Nf6 10. 0-0 Bc5 11. Re1+ Kf8 12. Bg5 h6 13. Bh4 Bb4 14. Nc3 Nd5 15. Bxd8 Nxc3 16. bxc3 Bxc3 17. Qe2 Be6 18. Bxa5 Bxe1 19. Rxe1 Rc8 20. Qe5 Re8 21. Bc3 f6 22. Bb4+ c5 23. Bxc5+ Kg8 1-0

[Event "RSA-ch U12 Girls"]
[Site "Waterkloof"]
[Date "2015.04.04"]
[Round "1"]
[White "Putter, Nicola"]
[Black "Qangule, Lithitha Qhayiya"]
[Result "1-0"]
[WhiteElo "1278"]
[BlackElo "1043"]
[PlyCount "61"]
[EventDate "2015.04.04"]
[EventType "swiss"]
[EventRounds "9"]
[EventCountry "RSA"]
[SourceTitle "CBM 166 Extra"]
[Source "ChessBase"]
[SourceDate "2015.06.18"]
[SourceVersion "1"]
[SourceVersionDate "2015.06.18"]
[SourceQuality "1"]

1. d4 d5 2. c4 Nf6 3. cxd5 Nxd5 4. e4 Nf6 5. Nc3 Nc6 6. d5 Ne5 7. Bf4 Neg4 8. h3 e5 9. Bg5 Bb4 10. hxg4 Bxg4 11. Bxf6 Qxf6 12. Qxg4 Bc5 13. Nf3 0-0 14. Qh4 Qg6 15. Nxe5 Bxf2+ 16. Kxf2 Qh6 17. Qxh6 gxh6 18. Rxh6 f6 19. Nf3 f5 20. e5 Rae8 21. Bc4 Kh8 22. Ng5 Re7 23. Rah1 Kg8 24. d6+ Ref7 25. Nxf7 Rxf7 26. Rxh7 b5 27. Rh8+ Kg7 28. R1h7+ Kg6 29. Bxf7+ Kg5 30. Rh4 f4 31. R8h5# 1-0